00530cam a22001937a 4500003000500000005001700005008004100022010001000063011001000073020001500083035001000098040000900108100002500117245007400142260007000216300001000286650002900296650001100325CHAP20220329142618.0020424d1992 mx r 00110 spa d a85639 a86611 a9688058289 a97150 cCHAP00aGenovés, Santiago.10aRazas, racismo y el "cuento" de la violenciac/por Santiago Genovés aMéxico, D.F. :bComisión Nacional de Derechos Humanos,c1992. a28 p.14aDiscriminación racial.14aRazas.